TEACHINGS OF SWAMI VIVEKANANDA (Record no. 79475)

MARC details
000 -LEADER
fixed length control field 00362nam a2200145Ia 4500
008 - FIXED-LENGTH DATA ELEMENTS--GENERAL INFORMATION
fixed length control field 090123s9999 xx 000 0 und d
082 ## - DEWEY DECIMAL CLASSIFICATION NUMBER
Item number 41400
245 ## - TITLE STATEMENT
Title TEACHINGS OF SWAMI VIVEKANANDA
250 ## - EDITION STATEMENT
Edition statement 0
260 ## - PUBLICATION, DISTRIBUTION, ETC. (IMPRINT)
Name of publisher, distributor, etc ADVAITA ASHRAMA
300 ## - PHYSICAL DESCRIPTION
Extent 298
630 ## - SUBJECT ADDED ENTRY--UNIFORM TITLE
Uniform title TEACHINGS OF SWAMI VIVEKANANDA
730 ## - ADDED ENTRY--UNIFORM TITLE
Uniform title TEACHINGS OF SWAMI VIVEKANANDA
942 ## - ADDED ENTRY ELEMENTS (KOHA)
Koha item type Book
Holdings
Withdrawn status Lost status Damaged status Not for loan Home library Current library Date acquired Cost, normal purchase price Total Checkouts Full call number Barcode Date last seen Cost, replacement price Price effective from Koha item type
        Jawahar Wachalanalaya, Kalwa Jawahar Wachalanalaya, Kalwa 07/19/2007 18.00   41400 KLW-41400 01/23/2009 18.00 01/23/2009 Book